| 000 | 005220000a22001330004500 | ||
|---|---|---|---|
| 090 |
_aAS _bSeriadas |
||
| 245 | 1 | 0 | _aDispersión y establecimiento de las especies de mangle del río Ranchería en el período de máxima fructificación |
| 041 | 0 | _aEspañol | |
| 700 | 1 |
_aPolanía, Jaime _999648 |
|
| 700 | 1 |
_aUrrego Giraldo, Ligia Estela _999597 |
|
| 100 | 1 |
_aLema Vélez, Luisa Fernanda _999795 |
|
| 942 | _cARTICULO | ||
| 773 | 1 |
_tRevista de Academia Colombiana de Ciencias Exactas, Físicas y Naturales _h102 _q93-103 _d2003 _g27 |
|
| 999 |
_c15525 _d15525 |
||